Obras completas /
Guardado en:
| Autor Principal: | |
|---|---|
| Formato: | Libro |
| Publicado: |
Barcelona :
Planeta,
1963
|
| Materias: | |
| Etiquetas: |
Agregar Etiqueta
Sin Etiquetas, Sea el primero en etiquetar este registro!
|
| LEADER | 00521nam a22001815a 4500 | ||
|---|---|---|---|
| 001 | CEM.cems005220 | ||
| 005 | 20060220000000.0 | ||
| 008 | 130507s1963##################000#0#####d | ||
| 003 | CEMS | ||
| 082 | 0 | 4 | |a 861.3 |
| 100 | 1 | |a Quevedo Y Villegas, Francisco De | |
| 245 | 1 | 0 | |a Obras completas / |
| 260 | |a Barcelona : |b Planeta, |c 1963 | ||
| 300 | |a 1461 p. | ||
| 653 | |a Literatura | ||
| 653 | |a Poesia española-siglo de oro | ||
| 653 | |a Poesia satirica española-siglo | ||
| 859 | |a CEMS |b BIB. CEMS - 11 de abril |h 861.3 |i Q38-1 |p 8459.80 |t Ej.1 | ||
